| 000 | 00792nam a22002177a 4500 | ||
|---|---|---|---|
| 999 |
_c968 _d968 |
||
| 003 | AR-CdUCM | ||
| 008 | 190226b ||||| |||| 00| 0 spa d | ||
| 040 |
_aMUNICIPALIDAD PROVINCIAL DEL CUSCO _cBIBLIOTECA MUNICIPAL DEL CUSCO |
||
| 082 |
_a355.4 / _bS66 _23 ed. |
||
| 100 |
_aSokolovski, V _93772 |
||
| 245 | _aEstrategia militar / | ||
| 260 |
_aParis : _bEdit. Progreso Moscú, |
||
| 300 |
_a537 paginas ; _c20 cm. |
||
| 505 | _aNociones generales de estrategia militar --Estrategia y poltica --Estrategia y economía --Estrategia factor moral y político ... | ||
| 650 |
_aEstrategia militar _93773 |
||
| 650 |
_aEstrategia pollitica _93774 |
||
| 650 |
_aDoctrina militar _93775 |
||
| 650 |
_aMetodología de estructura militar _93776 |
||
| 942 |
_2ddc _cLIBROS |
||
| 945 |
_arjall _d2019-02-26 |
||